[Event "Penang op 11th"]
[Site "Penang"]
[Date "2019.12.10"]
[Round "3"]
[White "Muthu, P."]
[Black "Singgih, Diajeng Theresa"]
[Result "0-1"]
[WhiteElo "1823"]
[BlackElo "2089"]
[PlyCount "82"]
[EventDate "2019.12.09"]
[EventType "swiss"]
[EventRounds "9"]
[EventCountry "MAS"]
[SourceTitle "CBM 193 Extra"]
[Source "ChessBase"]
[SourceDate "2020.01.31"]
[SourceVersion "1"]
[SourceVersionDate "2020.01.31"]
[SourceQuality "1"]

1. e4 e5 2. Nf3 Nc6 3. Bc4 Bc5 4. c3 Nf6 5. d3 a6 6. 0-0 Ba7 7. Nbd2 0-0 8. h3 d5 9. exd5 Nxd5 10. Ne4 Kh8 11. Nfg5 f6 12. Bxd5 Qxd5 13. c4 Qg8 14. Nf3 Be6 15. Be3 Rad8 16. Qe2 Nd4 17. Bxd4 Bxd4 18. Nxd4 Rxd4 19. Rad1 b6 20. b4 Rfd8 21. Qf3 Qf8 22. a3 a5 23. bxa5 bxa5 24. Nc3 Qc5 25. Nb5 R4d7 26. a4 c6 27. Nc3 Qb4 28. Ne4 Qa3 29. Qe3 Rd4 30. f4 Bxc4 31. fxe5 Rxd3 32. exf6 gxf6 33. Qh6 Qf8 34. Qxf8+ Rxf8 35. Rxd3 Bxd3 36. Rxf6 Rxf6 37. Nxf6 Bc2 38. Nd7 Bxa4 39. Kf2 Bb3 40. Ke3 Bd5 41. g3 Be6 0-1